000 00308nam a22001097a 4500
008 170105b xxu||||| |||| 00| 0 eng d
020 _a9781451142815
041 _aeng
080 _25TH
_a618.2
245 _aLAB MANUAL FOR HEALTH ASSESMENT IN NURSING
_cWEBER, J.R & KELLEY, J.H & SPRENGEL, A.D
942 _2udc
_cBK
999 _c2579
_d2579